Os 15 maiores territórios do mundo - Statistics

Estatísticas Gerais
  • Esse quiz foi jogado 51 vezes
  • A pontuação média é 4 de 15
Estatísticas das Respostas
km² Território % Correto
2.166.086 Groenlândia
91%
90.000 Guiana Francesa
47%
8.875 Porto Rico
47%
12.173 Ilhas Falkland
40%
4.000 Polinésia Francesa
32%
18.575 Nova Caledônia
30%
266.000 Saara Ocidental
30%
6.020 Palestina
26%
62.422 Svalbard e Jan Mayen
19%
137.600 Somalilândia
17%
8.432 Abecásia
15%
7.447 Ilhas Canárias
15%
6.784 Ilhas Åland
11%
4.092 Ilhas Geórgia do Sule Sandwich do Sul
4%
7.829 Terras Austrais eAntárticas Francesas
4%
Nenhum quiz correspondente encontrado
Distribuição das Pontuações
Porcentagem de Pessoas com Cada Pontuação
Percentil de Números Respondidos
Sua Pontuação Histórica
Você não jogou esse quiz